Normal view
MARC view
- الأنساب-العائلات- الاردن
Entry Topical Term
001 - CONTROL NUMBER
- control field: 48021
003 - CONTROL NUMBER IDENTIFIER
- control field: JO-AjAnu
005 - DATE AND TIME OF LATEST TRANSACTION
- control field: 20230606081925.0
008 - FIXED-LENGTH DATA ELEMENTS
- fixed length control field: 230606|| aca||aabn | a|a d
040 ## - CATALOGING SOURCE
- Original cataloging agency: JO-AjAnu
- Transcribing agency: JO-AjAnu
150 ## - HEADING--TOPICAL TERM
- Topical term or geographic name entry element: الأنساب-العائلات- الاردن
670 ## - SOURCE DATA FOUND
- Source citation: Work cat.: (JO-AjAnu)24570: الفاعوري، وائل إبراهيم احمد فالح , author 48020, ماء الذهب في الكشف عن الأصل والنسب: الفواعير وأبناء عمومتهم "القطيشات"، الجعابرة، المبيضين، الجغيسر